Normale Ansicht MARC-Ansicht ISBD

Johanns Georgeis Landes-Constitution und Cammergerichtsordtnung (Titelsatznr. 74573)

[ MARC ]
MARC-Details
000 -Satzkennung
Kontrollfeld mit fester Länge 00414nam a2200157 4500
001 - Kontrollnummer
Kontrollfeld 14036
007 - Feld mit fester Länge zur physischen Beschreibung - Allgemeine Information
Kontrollfeld mit fester Länge tu
008 - Feld mit fester Länge zur physischen Beschreibung - Allgemeine Angaben
Kontrollfeld mit fester Länge s1594||||||| ger
100 1# - Haupteintragung - Personenname
Personenname Distelmeyer, Christian
245 00 - Titel
Titel Johanns Georgeis Landes-Constitution und Cammergerichtsordtnung
Verfasserangabe etc. Entwurf des Christian Distelmeyer
264 ## - Produktion, Veröffentlichung, Distribution, Herstellung und Urheberrechtsvermerk
Datum der Herstellung, der Veröffentlichung, des Vertriebs oder des Urheberschutzvermerks 1594
300 ## - Physische Beschreibung
Umfang ungez. S.
365 ## - Handelspreis
Währungscode
546 ## - Fußnote zur Sprache
Sprache deutsch
650 04 - Nebeneintragung unter einem Schlagwort - Sachschlagwort
Sachschlagwort oder geografischer Name als Eintragungselement Kammergericht
Exemplare
Ausgeschieden Verloren Klassifikation oder Aufstellungssystematik Beschädigt Nicht entleihbar Heimatbibliothek Aufenthaltsbibliothek Erwerbungsdatum Kodierter Standort-Qualifier Anzahl Ausleihen Signatur Letzte Aktivität Exemplarnummer Preis gültig von Koha-Medientyp
    Andere/Generische Klassifikation     Stadtarchiv Frankfurt (Oder) | Archivbibliothek Stadtarchiv Frankfurt (Oder) | Archivbibliothek 25/11/2020 M   Altsignatur: HsM 2° 6/1 Verweis StAFF 3-813 - Fol. 600 25/11/2020 64/290 25/11/2020 Bücher